| 000 | 00525nam a22001937a 4500 | ||
|---|---|---|---|
| 003 | CEME | ||
| 005 | 20210628210120.0 | ||
| 008 | 210215b xxu||||| |||| 00| 0 eng d | ||
| 020 | _a1-56091-831-4 | ||
| 040 | _c. | ||
| 082 | _a629.2 DIX | ||
| 100 |
_aDixon, John.C _978114 |
||
| 245 | _aTyres suspension and handling | ||
| 250 | _a2ND | ||
| 260 |
_aUSA _bSAE _c1996 |
||
| 300 | _a618P | ||
| 650 |
_aAUTOMOBILES-HANDLING CHARACTERISTCS AUTOMOBILES-SPRINGS AND SUSPENSION AUTOMOBILES-TYR TIRES _978175 |
||
| 942 |
_cBK _2ddc |
||
| 999 |
_c583337 _d583337 |
||